[Event "II Trofeo Giorgio Porreca"]
[Site "Napoli ITA"]
[Date "2012.09.27"]
[Round "2"]
[White "Colucci, Stefano"]
[Black "Schiappoli, Dario"]
[WhiteElo "1871"]
[BlackElo "1960"]
[Result "0-1"]
[PlyCount "90"]
[EventDate "2012.09.20"]

1. d4 Nf6 2. c4 e5 3. dxe5 Ng4 4. Bf4 Bb4+ 5. Nd2 Nc6 6. a3 Bxd2+ 7. Qxd2 Ngxe5
8. e3 O-O 9. Be2 d6 10. Nf3 Be6 11. Qc3 Ng6 12. Bg3 Qe7 13. O-O f5 14. Rfe1
Rae8 15. Bd3 Qf6 16. Qxf6 Rxf6 17. Rac1 Bd7 18. b4 Nce5 19. Nxe5 dxe5 20. Red1
Ba4 21. Rf1 Rd8 22. Bb1 Rd2 23. h3 f4 24. exf4 exf4 25. Bh2 Ne5 26. Rc3 g5 27.
Be4 c6 28. Re1 Rfd6 29. Kf1 Nxc4 30. h4 h6 31. hxg5 hxg5 32. g3 R2d4 33. Bg2
Nd2+ 34. Kg1 f3 35. Bxf3 Nxf3+ 36. Rxf3 Rd3 37. Re8+ Kg7 38. Rff8 Rd1+ 39. Kg2
c5 40. Rg8+ Kf7 41. Ref8+ Ke7 42. g4 Bc6+ 43. f3 R1d2+ 44. Kh3 Rh6+ 45. Kg3
Rhxh2 0-1

[Event "II Trofeo Giorgio Porreca"]
[Site "Napoli ITA"]
[Date "2012.09.27"]
[Round "2"]
[White "Cosenza, Gianni"]
[Black "Tesone, Crescenzo"]
[WhiteElo "1957"]
[BlackElo "1832"]
[Result "1-0"]
[PlyCount "27"]
[EventDate "2012.09.20"]

1. e4 d6 2. d4 Nf6 3. Nc3 c6 4. Bd3 e5 5. Nge2 Nbd7 6. O-O Be7 7. f3 exd4 8.
Nxd4 Qb6 9. Be3 Qxb2 10. Qd2 Qb4 11. a3 Qa5 12. Nf5 Kf8 13. Nxe7 Kxe7 14. Nd5+
1-0

[Event "II Trofeo Giorgio Porreca"]
[Site "Napoli ITA"]
[Date "2012.09.27"]
[Round "2"]
[White "Di Meo, Antonio"]
[Black "Solombrino, Giovanni"]
[WhiteElo "1928"]
[BlackElo "1838"]
[Result "1/2-1/2"]
[PlyCount "45"]
[EventDate "2012.09.20"]

1. b3 c5 2. Bb2 Nf6 3. e3 g6 4. Bxf6 exf6 5. d4 cxd4 6. exd4 d5 7. Nf3 Nc6 8.
Be2 Bd6 9. O-O O-O 10. Nbd2 Bc7 11. c3 Qd6 12. Re1 Bf5 13. Qc1 g5 14. Nf1 Rfe8
15. Qb2 Rad8 16. Rad1 Re7 17. Ng3 Bg6 18. Qd2 Rde8 19. Bd3 Rxe1+ 20. Rxe1 Rxe1+
21. Nxe1 Qe6 22. Bf1 Bf4 23. Qe2 1/2-1/2

[Event "II Trofeo Giorgio Porreca"]
[Site "Napoli ITA"]
[Date "2012.09.27"]
[Round "2"]
[White "Esposito, Luca"]
[Black "Grasso, Nino"]
[WhiteElo "2256"]
[BlackElo "2058"]
[Result "1-0"]
[PlyCount "59"]
[EventDate "2012.09.20"]

1. Nf3 Nf6 2. c4 e6 3. g3 d5 4. d4 c5 5. cxd5 exd5 6. Bg2 Nc6 7. O-O cxd4 8.
Nxd4 Bc5 9. Nxc6 bxc6 10. Qc2 Qb6 11. Nc3 Be7 12. Be3 Qa6 13. a3 Be6 14. Na4
O-O 15. Rfc1 Rfd8 16. Bc5 Bxc5 17. Nxc5 Qc8 18. Nd3 Rd6 19. Ne5 Bd7 20. Qa4 Qe8
21. Nxd7 Qxd7 22. Rc2 Rc8 23. Rac1 c5 24. Qxd7 Nxd7 25. Bh3 c4 26. b3 Rc5 27.
bxc4 Nb6 28. cxd5 Rcxd5 29. Rc7 Ra5 30. Rc8+ 1-0

[Event "II Trofeo Giorgio Porreca"]
[Site "Napoli ITA"]
[Date "2012.09.27"]
[Round "2"]
[White "Farina, Walter"]
[Black "Esposito, Rosario"]
[WhiteElo "1639"]
[BlackElo "1844"]
[Result "1/2-1/2"]
[PlyCount "70"]
[EventDate "2012.09.20"]

1. e4 c5 2. Nf3 e6 3. d4 cxd4 4. Nxd4 Nc6 5. Nc3 a6 6. f4 Bb4 7. Nxc6 bxc6 8.
Qf3 Ne7 9. a3 Ba5 10. Be2 Bb7 11. O-O d5 12. b4 Bb6+ 13. Kh1 Ba7 14. Na4 dxe4
15. Qxe4 Qd4 16. Qxd4 Bxd4 17. Rb1 Nd5 18. Bd3 O-O-O 19. Bb2 Be3 20. Bc1 Ba7
21. Bd2 Ne3 22. Bxe3 Bxe3 23. Rf3 Ba7 24. Rg3 g6 25. Rb3 Rd4 26. Rc3 Rxf4 27.
h3 Rd8 28. Rg5 Bb8 29. Kg1 Ba7+ 30. Kh1 f5 31. Rg3 e5 32. Nc5 Bxc5 33. Rxc5 e4
34. Bc4 Kc7 35. Rc3 Kb6 1/2-1/2

[Event "II Trofeo Giorgio Porreca"]
[Site "Napoli ITA"]
[Date "2012.09.27"]
[Round "2"]
[White "Iodice, Vincenzo"]
[Black "Gonzini, Gianmaria"]
[WhiteElo "1673"]
[BlackElo "1874"]
[Result "1/2-1/2"]
[PlyCount "69"]
[EventDate "2012.09.20"]

1. e4 b6 2. d4 e6 3. Nc3 Bb4 4. Bd3 Bb7 5. Nf3 Nf6 6. Qe2 d5 7. exd5 Qxd5 8.
Bd2 Qd8 9. O-O-O a6 10. Kb1 O-O 11. h3 b5 12. Rhg1 Nbd7 13. Ne5 c5 14. Nxd7
Qxd7 15. dxc5 Qe7 16. g4 Qxc5 17. g5 Bxc3 18. Bxc3 Nd5 19. Bxh7+ Kxh7 20. Qh5+
Kg8 21. Bd4 Nf4 22. Bxc5 Nxh5 23. Bxf8 Kxf8 24. Rd7 Be4 25. Rgd1 Bd5 26. Rd4
Rc8 27. a4 Rc4 28. Rxc4 Bxc4 29. axb5 axb5 30. b3 Be2 31. Rd4 Ke7 32. Kc1 f5
33. gxf6+ gxf6 34. c4 bxc4 35. bxc4 1/2-1/2

[Event "II Trofeo Giorgio Porreca"]
[Site "Napoli ITA"]
[Date "2012.09.27"]
[Round "2"]
[White "Lettieri, Giuseppe"]
[Black "Auletta, Angelo"]
[WhiteElo "2370"]
[BlackElo "2190"]
[Result "1-0"]
[PlyCount "67"]
[EventDate "2012.09.20"]

1. d4 Nf6 2. c4 g6 3. Nc3 d5 4. Nf3 Bg7 5. Qb3 dxc4 6. Qxc4 O-O 7. e4 Na6 8.
Be2 Nd7 9. Be3 c6 10. Rd1 Nb6 11. Qb3 Be6 12. d5 cxd5 13. exd5 Bg4 14. Nb5 Nc7
15. h3 Bxf3 16. Bxf3 Nxb5 17. Qxb5 Qd7 18. Qb3 Qa4 19. Rd3 Rfd8 20. O-O Qxb3
21. Rxb3 Nxd5 22. Bxd5 Rxd5 23. Rxb7 a5 24. Rc1 a4 25. Kf1 a3 26. b4 Bb2 27.
Rb1 e6 28. b5 Kg7 29. b6 Rb5 30. Rd1 Rd5 31. Rxd5 exd5 32. Rd7 d4 33. b7 Re8
34. Bf4 1-0

[Event "II Trofeo Giorgio Porreca"]
[Site "Napoli ITA"]
[Date "2012.09.27"]
[Round "2"]
[White "Miccoli, Livio"]
[Black "Caiazzo, Diego"]
[WhiteElo "1616"]
[BlackElo "1845"]
[Result "0-1"]
[PlyCount "64"]
[EventDate "2012.09.20"]

1. e4 c5 2. Nc3 e6 3. g3 d6 4. Bg2 Nf6 5. Nge2 Be7 6. d3 Nc6 7. O-O O-O 8. b3
Bd7 9. Bb2 a6 10. h3 Rc8 11. f4 Qc7 12. Rf2 Nd4 13. Qd2 b5 14. Raf1 Nxe2+ 15.
Qxe2 Bc6 16. Kh2 d5 17. e5 Nd7 18. Qh5 b4 19. Ne2 d4 20. g4 Bxg2 21. Rxg2 Nb6
22. Ng3 Nd5 23. Bc1 Nc3 24. f5 Qxe5 25. Bf4 Qd5 26. Bg5 f6 27. Bxf6 Bxf6 28. g5
Be5 29. f6 Bxg3+ 30. Rxg3 g6 31. f7+ Kh8 32. Rf6 gxh5 0-1

[Event "II Trofeo Giorgio Porreca"]
[Site "Napoli ITA"]
[Date "2012.09.27"]
[Round "2"]
[White "Taurisano, Vincenzo"]
[Black "Oliveri, Aldo"]
[WhiteElo "1852"]
[BlackElo "1689"]
[Result "1-0"]
[PlyCount "69"]
[EventDate "2012.09.20"]

1. e4 e6 2. d4 d5 3. Nc3 Nf6 4. e5 Nfd7 5. Nce2 c5 6. c3 Nc6 7. f4 Be7 8. Nf3
f6 9. a3 O-O 10. b4 cxd4 11. Nexd4 Nxd4 12. cxd4 a6 13. Bd2 Nb6 14. Rc1 Bd7 15.
Be2 Rc8 16. O-O Nc4 17. Bxc4 dxc4 18. Re1 b5 19. d5 fxe5 20. fxe5 exd5 21. e6
Bc6 22. Nd4 Rf6 23. Bc3 Rg6 24. Rf1 Qd6 25. Qe2 Rf8 26. Rxf8+ Bxf8 27. Rf1 Be8
28. Re1 Be7 29. Kh1 Qf4 30. Rf1 Qe4 31. Qxe4 dxe4 32. Nf5 Bf6 33. Bd2 Bg5 34.
Bxg5 Rxg5 35. Ne7+ 1-0

[Event "II Trofeo Giorgio Porreca"]
[Site "Napoli ITA"]
[Date "2012.09.27"]
[Round "2"]
[White "Vannini, Aldo"]
[Black "Buonanno, Raffaele"]
[WhiteElo "1778"]
[BlackElo "1437"]
[Result "1-0"]
[PlyCount "55"]
[EventDate "2012.09.20"]

1. d4 Nf6 2. Nf3 g6 3. Bf4 Bg7 4. e3 d6 5. c3 O-O 6. Nbd2 Nbd7 7. h3 b6 8. Be2
Bb7 9. O-O c5 10. a4 Qc7 11. Re1 Rac8 12. Nb3 a6 13. Bf1 e5 14. dxe5 dxe5 15.
Nxe5 Nxe5 16. Bxe5 Qc6 17. Nd2 Rfe8 18. Bh2 Ne4 19. Nf3 Rcd8 20. Qb3 Nd2 21.
Nxd2 Rxd2 22. Rad1 Rxd1 23. Rxd1 Re4 24. Rd6 Qxa4 25. Rxb6 Qxb3 26. Rxb3 Bd5
27. Rb8+ Bf8 28. Bd6 1-0

[Event "II Trofeo Giorgio Porreca"]
[Site "Napoli ITA"]
[Date "2012.10.04"]
[Round "3"]
[White "Auletta, Angelo"]
[Black "Ceglio, Fulvio"]
[WhiteElo "2190"]
[BlackElo "1996"]
[Result "1-0"]
[PlyCount "73"]
[EventDate "2012.09.20"]

1. e4 e6 2. d4 d5 3. Nd2 c5 4. Ngf3 cxd4 5. Nxd4 Nc6 6. Nxc6 bxc6 7. Bd3 Bd6 8.
O-O Nf6 9. Qe2 Qc7 10. h3 O-O 11. c4 a5 12. Re1 Bh2+ 13. Kh1 Bf4 14. e5 Nd7 15.
Nf3 Bxc1 16. Raxc1 h6 17. cxd5 exd5 18. e6 Nf6 19. exf7+ Rxf7 20. Ne5 Re7 21.
Rxc6 Qxc6 22. Nxc6 Rxe2 23. Rxe2 Ba6 24. Bxa6 Rxa6 25. Rc2 Kf7 26. Nd4 Rb6 27.
Rc7+ Kg6 28. b3 Ne4 29. f3 Nd6 30. Rc5 Nb7 31. Rxd5 Rd6 32. Rxd6+ Nxd6 33. Kg1
Kf6 34. Kf2 Nb7 35. Ke3 Ke5 36. f4+ Kd5 37. Nf5 1-0

[Event "II Trofeo Giorgio Porreca"]
[Site "Napoli ITA"]
[Date "2012.10.04"]
[Round "3"]
[White "Caiazzo, Diego"]
[Black "Vannini, Aldo"]
[WhiteElo "1845"]
[BlackElo "1778"]
[Result "1/2-1/2"]
[PlyCount "165"]
[EventDate "2012.09.20"]

1. e4 c5 2. Nf3 d6 3. g3 Nc6 4. Bg2 Nf6 5. d3 g6 6. O-O Bg7 7. Nc3 O-O 8. Bg5
Bg4 9. Qd2 Qa5 10. Nd5 Qxd2 11. Nxf6+ Bxf6 12. Bxd2 Rab8 13. Bc3 Bxc3 14. bxc3
b5 15. Rfb1 a5 16. Nd2 b4 17. cxb4 axb4 18. Nb3 e5 19. a4 bxa3 20. Rxa3 Nb4 21.
Rc1 Be6 22. Nd2 Ra8 23. Rxa8 Rxa8 24. Nc4 Bxc4 25. dxc4 Kf8 26. Bf1 Ke7 27. f4
Ra3 28. c3 Nc6 29. Rb1 Ra7 30. f5 g5 31. Be2 f6 32. h4 h6 33. hxg5 hxg5 34. Rb6
Kd7 35. Rb3 Kc7 36. Kf2 Ra4 37. Rb1 Na5 38. Rh1 Nxc4 39. Rh6 Ra2 40. Rxf6 Nd2
41. Rf7+ Kd8 42. Ke3 Nxe4 43. Bc4 Ra4 44. Bb5 Ra5 45. c4 Nxg3 46. f6 Ra3+ 47.
Kf2 Ne4+ 48. Ke2 g4 49. Rf8+ Kc7 50. f7 Rf3 51. Be8 Ng5 52. Rg8 Ne6 53. Rxg4
Rf6 54. Ke3 Kd8 55. Rg8 Ke7 56. Rh8 Nd8 57. Rh7 Nxf7 58. Bc6 Kf8 59. Bd5 Kg8
60. Rh1 Kg7 61. Rg1+ Kf8 62. Ra1 Nh6 63. Ra7 Ng4+ 64. Ke2 Nf2 65. Rh7 Ng4 66.
Ra7 Nh6 67. Rb7 Nf5 68. Rb8+ Kg7 69. Rg8+ Kh6 70. Rg1 Nd4+ 71. Kd3 Ne6 72. Ke3
Nf4 73. Be4 Ng6 74. Rh1+ Kg7 75. Rg1 Kf7 76. Bd5+ Ke7 77. Rh1 Nf4 78. Rh7+ Kd8
79. Bb7 Ne6 80. Bd5 Nc7 81. Rh8+ Ke7 82. Rh7+ Kd8 83. Rh8+ 1/2-1/2

[Event "II Trofeo Giorgio Porreca"]
[Site "Napoli ITA"]
[Date "2012.10.04"]
[Round "3"]
[White "De Rosa, Francesco"]
[Black "Cosenza, Gianni"]
[WhiteElo "1933"]
[BlackElo "1957"]
[Result "1/2-1/2"]
[PlyCount "94"]
[EventDate "2012.09.20"]

1. d4 d5 2. c4 c6 3. Nf3 Nf6 4. Nc3 a6 5. e3 e6 6. Qc2 Nbd7 7. Bd2 Be7 8. b3
Qc7 9. Bd3 c5 10. cxd5 exd5 11. Rc1 O-O 12. O-O b5 13. Bxh7+ Nxh7 14. Nxd5 Qd8
15. Qe4 Bd6 16. dxc5 Nxc5 17. Nf6+ Nxf6 18. Qxa8 Qb6 19. b4 Bb7 20. bxc5 Bxc5
21. Ba5 Rxa8 22. Bxb6 Bxb6 23. Rfd1 Bd5 24. Rc2 a5 25. Ne5 b4 26. Nd7 Nxd7 27.
Rxd5 Nf6 28. Rb5 Bd8 29. Rc4 Ne8 30. Rd5 Nc7 31. Rf5 Ne6 32. f4 Bb6 33. Kf2 Rd8
34. Ke2 Nc7 35. Rc6 Rb8 36. g4 g6 37. Re5 a4 38. f5 gxf5 39. gxf5 b3 40. axb3
axb3 41. Rc1 Ra8 42. Rg1+ Kf8 43. f6 Ra2+ 44. Kf3 Rxh2 45. Rc1 b2 46. Rb1 Rh6
47. Rxb2 Rxf6+ 1/2-1/2

[Event "II Trofeo Giorgio Porreca"]
[Site "Napoli ITA"]
[Date "2012.10.04"]
[Round "3"]
[White "Di Gennaro, Antonio"]
[Black "Di Meo, Antonio"]
[WhiteElo "1666"]
[BlackElo "1928"]
[Result "1/2-1/2"]
[PlyCount "46"]
[EventDate "2012.09.20"]

1. e4 c6 2. d4 d5 3. e5 Bf5 4. Nf3 e6 5. Be2 c5 6. Be3 Qb6 7. Nc3 Nc6 8. dxc5
Bxc5 9. Bxc5 Qxc5 10. O-O d4 11. Nb5 Nxe5 12. Nxe5 Qxe5 13. Nxd4 Rd8 14. Bb5+
Ke7 15. Nxf5+ Qxf5 16. Bd3 Qf4 17. c3 Nf6 18. g3 Qd6 19. Be2 Ne4 20. Qxd6+ Rxd6
21. Rfd1 Nd2 22. Kg2 e5 23. f3 Rhd8 1/2-1/2

[Event "II Trofeo Giorgio Porreca"]
[Site "Napoli ITA"]
[Date "2012.10.04"]
[Round "3"]
[White "Esposito, Luca"]
[Black "Baltzopoulos, Giorgos"]
[WhiteElo "2256"]
[BlackElo "1941"]
[Result "1-0"]
[PlyCount "73"]
[EventDate "2012.09.20"]

1. d4 Nf6 2. Nf3 g6 3. c4 Bg7 4. g3 d5 5. cxd5 Nxd5 6. Bg2 O-O 7. O-O Nb6 8.
Nc3 Nc6 9. e3 a5 10. Qe2 e5 11. dxe5 Be6 12. Rd1 Qc8 13. Nd4 Nxe5 14. Nxe6 fxe6
15. Bd2 Nec4 16. Be1 Nd6 17. Rac1 Qe8 18. Ne4 Nxe4 19. Bxe4 c6 20. Bc3 e5 21.
Rd6 Rf7 22. Rcd1 Bf8 23. R6d2 Na4 24. h4 Nc5 25. Bc2 b5 26. b4 axb4 27. Bxb4
Ne4 28. Bxe4 Bxb4 29. Rc2 Rc8 30. h5 Rfc7 31. Qg4 Kg7 32. Bxg6 hxg6 33. Qxb4
gxh5 34. Rcd2 c5 35. Qh4 c4 36. Qg5+ Kh8 37. Rd8 1-0

[Event "II Trofeo Giorgio Porreca"]
[Site "Napoli ITA"]
[Date "2012.10.04"]
[Round "3"]
[White "Gallo, Thomas Renato"]
[Black "Colucci, Stefano"]
[WhiteElo "1893"]
[BlackElo "1871"]
[Result "1-0"]
[PlyCount "177"]
[EventDate "2012.09.20"]

1. d4 Nf6 2. Bf4 d6 3. Nf3 b6 4. e3 Bb7 5. Bb5+ Nbd7 6. Nbd2 a6 7. Ba4 b5 8.
Bb3 e6 9. h3 Be7 10. O-O O-O 11. c3 Ne4 12. Nxe4 Bxe4 13. Ne1 Bf6 14. f3 Bb7
15. e4 e5 16. Be3 c5 17. dxc5 dxc5 18. Bd5 Rb8 19. Qd2 Qc7 20. Bxb7 Rxb7 21.
Rd1 Rd8 22. Qf2 c4 23. Nc2 Be7 24. a3 a5 25. Rd2 Nf8 26. Rfd1 Ne6 27. Rxd8+
Bxd8 28. Qd2 h6 29. Qd5 Be7 30. g3 Bc5 31. Kg2 Bxe3 32. Nxe3 Nc5 33. Qd2 Nd3
34. Nd5 Qc5 35. Qe2 b4 36. axb4 axb4 37. Rd2 bxc3 38. bxc3 Rb1 39. Qe3 Qa5 40.
g4 Qa1 41. Kg3 Rg1+ 42. Rg2 Rf1 43. Qe2 Qc1 44. Qd2 Qb1 45. Qe3 Qd1 46. Qe2 Qa1
47. Qe3 Ne1 48. Rf2 Rg1+ 49. Kh2 Nd3 50. Rg2 Rh1+ 51. Kg3 g5 52. Qd2 Nf4 53.
Nf6+ Kg7 54. Nh5+ Nxh5+ 55. gxh5 Qe1+ 56. Qxe1 Rxe1 57. Rc2 Re3 58. Kg4 Re1 59.
Kf5 Rf1 60. Kxe5 Rxf3 61. Kd4 Rf4 62. Re2 Rh4 63. Re3 f5 64. Kxc4 fxe4 65. Kd5
Rf4 66. c4 Rf3 67. Kxe4 Rf1 68. Kd5 Rc1 69. c5 Rd1+ 70. Kc6 Rc1 71. Kd6 Rd1+
72. Kc7 Kf6 73. c6 Rc1 74. Kd7 Rd1+ 75. Kc8 Rc1 76. c7 Kf7 77. Rb3 Ke7 78. Rb6
Rc3 79. Rxh6 Rxh3 80. Rh7+ Ke8 81. Rh8+ Ke7 82. h6 g4 83. h7 g3 84. Rd8 g2 85.
Rg8 Rxh7 86. Rxg2 Kd6 87. Rd2+ Kc6 88. Rc2+ Kb6 89. Kb8 1-0

[Event "II Trofeo Giorgio Porreca"]
[Site "Napoli ITA"]
[Date "2012.10.04"]
[Round "3"]
[White "Grasso, Nino"]
[Black "Accardo, Francesco"]
[WhiteElo "2058"]
[BlackElo "1844"]
[Result "1-0"]
[PlyCount "101"]
[EventDate "2012.09.20"]

1. e4 b6 2. d4 Bb7 3. Bd3 g6 4. Nf3 Bg7 5. O-O e6 6. Nc3 Ne7 7. Be3 Na6 8. a3
c5 9. Nb5 Nc8 10. c3 O-O 11. Nd2 f5 12. f3 f4 13. Bf2 d5 14. Qe2 c4 15. Bc2 Nb8
16. a4 a6 17. Na3 Bc6 18. b3 b5 19. bxc4 bxc4 20. Rfb1 Re8 21. g3 g5 22. Kh1
Qa5 23. gxf4 Bf8 24. Qe3 Nb6 25. Rg1 h6 26. fxg5 h5 27. g6 dxe4 28. fxe4 Bg7
29. Rg5 e5 30. d5 Nxd5 31. exd5 Bxd5+ 32. Be4 Bh6 33. Qf3 Bxe4 34. Nxe4 Rf8 35.
Nf6+ Kg7 36. Nxh5+ Kg8 37. Rf5 Nd7 38. Nf6+ Nxf6 39. Rxf6 Bg7 40. Rf7 Rac8 41.
Rd1 Rcd8 42. Qh5 Rxd1+ 43. Qxd1 Qxc3 44. Rxf8+ Bxf8 45. Qd5+ Kh8 46. Nxc4 Qc1+
47. Bg1 e4 48. Qe5+ Kg8 49. Qe6+ Kh8 50. Qf6+ Bg7 51. Qd8+ 1-0

[Event "II Trofeo Giorgio Porreca"]
[Site "Napoli ITA"]
[Date "2012.10.04"]
[Round "3"]
[White "Lombardo, Claudio"]
[Black "Sparice, Lorenzo"]
[WhiteElo "1876"]
[BlackElo "1469"]
[Result "1-0"]
[PlyCount "97"]
[EventDate "2012.09.20"]

1. d4 Nf6 2. Nf3 e6 3. c4 b6 4. Nc3 Bb7 5. e3 a6 6. Be2 d5 7. O-O Be7 8. b3 c5
9. Ba3 O-O 10. Rc1 Nbd7 11. Qc2 Re8 12. Rfd1 Rc8 13. Qb2 Qc7 14. dxc5 Nxc5 15.
cxd5 Nxd5 16. Nxd5 exd5 17. b4 Na4 18. Rxc7 Nxb2 19. Rxc8 Rxc8 20. Bxb2 Bxb4
21. Rc1 b5 22. Rxc8+ Bxc8 23. Nd4 f5 24. Bf3 Bb7 25. Nxf5 g6 26. Nd4 h5 27. Kf1
Kf7 28. Ke2 Bc5 29. Nc2 Ke6 30. Bd4 Be7 31. Kd3 b4 32. Bb6 Kd6 33. Ba5 Kc6 34.
Bxb4 Bxb4 35. Nxb4+ Kc5 36. Nxd5 Bxd5 37. Bxd5 Kxd5 38. Kc3 Kc5 39. f3 g5 40.
h3 a5 41. a3 Kd5 42. Kb3 Kc5 43. Ka4 Kc4 44. Kxa5 Kd3 45. e4 Ke3 46. e5 Kf2 47.
e6 Kxg2 48. e7 h4 49. e8=Q 1-0

[Event "II Trofeo Giorgio Porreca"]
[Site "Napoli ITA"]
[Date "2012.10.04"]
[Round "3"]
[White "Oliveri, Aldo"]
[Black "Iodice, Vincenzo"]
[WhiteElo "1689"]
[BlackElo "1673"]
[Result "0-1"]
[PlyCount "48"]
[EventDate "2012.09.20"]

1. d4 d5 2. Nf3 Nf6 3. g3 e6 4. Bg5 h6 5. Bf4 Bd6 6. Be5 Bxe5 7. Nxe5 O-O 8.
Nd2 Nbd7 9. Ndf3 c5 10. e3 cxd4 11. exd4 Qb6 12. b3 Nxe5 13. Nxe5 Nd7 14. c3
Nxe5 15. dxe5 Bd7 16. Bd3 Qc7 17. f4 Qxc3+ 18. Kf1 Qa5 19. a4 Rac8 20. Rc1 Rxc1
21. Qxc1 Rc8 22. Qb1 Qd2 23. Bh7+ Kh8 24. Qe1 Rc1 0-1

[Event "II Trofeo Giorgio Porreca"]
[Site "Napoli ITA"]
[Date "2012.10.04"]
[Round "3"]
[White "Schiappoli, Dario"]
[Black "Messina, Enrico"]
[WhiteElo "1960"]
[BlackElo "2219"]
[Result "0-1"]
[PlyCount "64"]
[EventDate "2012.09.20"]

1. e4 c5 2. Nf3 d6 3. d4 cxd4 4. Nxd4 Nf6 5. Nc3 g6 6. Be3 Bg7 7. f3 Nc6 8. Bc4
O-O 9. Qd2 Bd7 10. O-O-O Rc8 11. Bb3 Nxd4 12. Bxd4 b5 13. Nd5 Nxd5 14. Bxg7
Kxg7 15. Qxd5 a5 16. a3 Kg8 17. Qd4 Rc5 18. h4 h5 19. g4 Qc7 20. gxh5 Rxh5 21.
Rhg1 Kh7 22. f4 Qc5 23. e5 Qxd4 24. Rxd4 Rxh4 25. exd6 exd6 26. Rxd6 Bf5 27.
Rf1 Rc8 28. c3 b4 29. axb4 axb4 30. Bxf7 bxc3 31. bxc3 Rh2 32. c4 Ra8 0-1

[Event "II Trofeo Giorgio Porreca"]
[Site "Napoli ITA"]
[Date "2012.10.04"]
[Round "3"]
[White "Seletsky, Grigory"]
[Black "Lettieri, Giuseppe"]
[WhiteElo "2348"]
[BlackElo "2370"]
[Result "1/2-1/2"]
[PlyCount "179"]
[EventDate "2012.09.20"]

1. d4 Nf6 2. Nf3 g6 3. c3 Bg7 4. Bf4 d6 5. h3 O-O 6. e3 c5 7. Nbd2 Be6 8. Be2
Qb6 9. Qc2 cxd4 10. exd4 Nc6 11. Nc4 Qc7 12. Ne3 Nd5 13. Bh2 Rac8 14. Nxd5 Bxd5
15. Qd2 Na5 16. O-O Nc4 17. Qc2 b5 18. Nd2 Nxd2 19. Qxd2 Qb7 20. f3 b4 21. cxb4
Bc4 22. Rfe1 Qd5 23. Bxc4 Rxc4 24. Rxe7 Rxd4 25. Qe1 Rd2 26. Re2 Qd4+ 27. Kh1
Rxe2 28. Qxe2 Qxb4 29. Rd1 Qxb2 30. Qxb2 Bxb2 31. Bxd6 Rd8 32. Rb1 Rxd6 33.
Rxb2 Ra6 34. Kg1 h5 35. h4 Ra4 36. g3 Ra3 37. Kg2 Kg7 38. Kf2 Kf6 39. Re2 a5
40. Kg2 Kf5 41. Kf2 f6 42. Kg2 g5 43. hxg5 Kxg5 44. Rc2 Kf5 45. Rc5+ Kg6 46.
Rc2 Rd3 47. Kf2 Rd1 48. Ke3 Ra1 49. Kf4 a4 50. Rd2 a3 51. Rc2 Rb1 52. Rc3 Rb4+
53. Ke3 Ra4 54. Kf2 Kg5 55. Kg2 Ra5 56. Kh3 Ra4 57. Rc5+ Kg6 58. f4 Rd4 59. Rc3
Ra4 60. Kh4 Ra5 61. Rd3 Kh6 62. Kh3 Kg6 63. Kg2 Ra4 64. Kf3 Kf5 65. Rd5+ Kg6
66. Rd3 Kf5 67. Kg2 Kg4 68. Rc3 Rb4 69. Rxa3 Rb2+ 70. Kf1 f5 71. Ke1 h4 72.
gxh4 Kxf4 73. h5 Rh2 74. Kf1 Kg4 75. Kg1 Rxh5 76. Kg2 Rh6 77. Rb3 Rc6 78. a4
Rc2+ 79. Kf1 Ra2 80. Rc3 f4 81. a5 Rxa5 82. Kf2 Ra2+ 83. Kf1 Rh2 84. Ra3 Rh1+
85. Kg2 Rb1 86. Kf2 Rb2+ 87. Kf1 Kf5 88. Rd3 Ke4 89. Ra3 Rd2 90. Rb3 1/2-1/2

[Event "II Trofeo Giorgio Porreca"]
[Site "Napoli ITA"]
[Date "2012.10.04"]
[Round "3"]
[White "Sgammato, Francesco"]
[Black "Esposito, Rosario"]
[WhiteElo "1715"]
[BlackElo "1844"]
[Result "0-1"]
[PlyCount "70"]
[EventDate "2012.09.20"]

1. c4 c5 2. Nf3 Nc6 3. Nc3 g6 4. e3 Bg7 5. d4 cxd4 6. exd4 Nf6 7. d5 Nb8 8. Be2
d6 9. O-O O-O 10. Qb3 Nbd7 11. Be3 b6 12. Nd4 Nc5 13. Qc2 Bb7 14. b4 Ncd7 15.
Nc6 Qe8 16. Rad1 Nb8 17. Nb5 Nxc6 18. dxc6 Qxc6 19. Bf3 Qc8 20. Bxb7 Qxb7 21.
Nd4 Rac8 22. b5 Ng4 23. Nc6 Ne5 24. Nxe5 Bxe5 25. Bd4 Bxd4 26. Rxd4 Rc5 27. Qd3
Rfc8 28. a4 Qc7 29. h4 Rxc4 30. Rxc4 Qxc4 31. Qh3 h5 32. Re1 e6 33. Re3 Qxa4
34. Rd3 Rc1+ 35. Kh2 Qf4+ 0-1

[Event "II Trofeo Giorgio Porreca"]
[Site "Napoli ITA"]
[Date "2012.10.04"]
[Round "3"]
[White "Solombrino, Giovanni"]
[Black "Farina, Walter"]
[WhiteElo "1838"]
[BlackElo "1639"]
[Result "1-0"]
[PlyCount "71"]
[EventDate "2012.09.20"]

1. e4 e5 2. Nf3 Nc6 3. d4 exd4 4. Nxd4 Qf6 5. c3 Bc5 6. Be3 Nge7 7. Bc4 Ne5 8.
Bb3 d6 9. Nc2 Bg4 10. Qd2 Bf3 11. O-O Bxg2 12. Kxg2 Qf3+ 13. Kg1 Qh3 14. f4
Nf3+ 15. Rxf3 Qxf3 16. Nba3 Qxe4 17. Bxc5 dxc5 18. Re1 Qc6 19. Qe3 Qd7 20. Nc4
Qg4+ 21. Kh1 Qh4 22. Ne5 Rf8 23. Nf3 Qf6 24. Ng5 Rh8 25. Bxf7+ Kf8 26. Bb3 Re8
27. Ne6+ Kg8 28. Nxc7+ Kf8 29. Nxe8 Kxe8 30. Qe4 Rf8 31. Ba4+ Kf7 32. Bb3+ Ke8
33. Ne3 Qxf4 34. Qxf4 Rxf4 35. Nd5 Rf7 36. Nc7+ 1-0

[Event "II Trofeo Giorgio Porreca"]
[Site "Napoli ITA"]
[Date "2012.10.04"]
[Round "3"]
[White "Somma, Andrea"]
[Black "Baccelliere, Antonio"]
[WhiteElo "1863"]
[BlackElo "1434"]
[Result "1-0"]
[PlyCount "47"]
[EventDate "2012.09.20"]

1. e4 e5 2. Nf3 Nc6 3. Bc4 Bc5 4. c3 d6 5. d4 exd4 6. cxd4 Bb4+ 7. Bd2 Bxd2+ 8.
Nbxd2 Bg4 9. Qb3 Bxf3 10. Bxf7+ Kf8 11. Bxg8 Rxg8 12. Nxf3 Qe8 13. O-O b6 14.
Ng5 Nxd4 15. Nxh7+ Ke7 16. Qc4 c5 17. Ng5 Rh8 18. f4 Qh5 19. h3 Ne2+ 20. Kh2
Nxf4 21. Rxf4 Qxg5 22. Rf7+ Ke8 23. Qe6+ Kd8 24. Qd7# 1-0

[Event "II Trofeo Giorgio Porreca"]
[Site "Napoli ITA"]
[Date "2012.10.04"]
[Round "3"]
[White "Tesone, Crescenzo"]
[Black "Avolio, Giovanni"]
[WhiteElo "1832"]
[BlackElo "1899"]
[Result "0-1"]
[PlyCount "79"]
[EventDate "2012.09.20"]

1. e4 d6 2. d4 Nf6 3. Nc3 g6 4. Bd3 Bg7 5. Nf3 O-O 6. Be3 Nc6 7. h3 e5 8. d5
Ne7 9. Ne2 c5 10. O-O a6 11. a4 Nh5 12. Rb1 f5 13. Ng3 Nf6 14. Bg5 f4 15. Nh1
Kh8 16. b4 b6 17. bxc5 bxc5 18. Nd2 Nd7 19. Nc4 h6 20. Bxe7 Qxe7 21. f3 g5 22.
a5 Ra7 23. Nb6 Bb7 24. Nxd7 Qxd7 25. Rb6 Bf6 26. Qa1 Bd8 27. Rb3 Qc7 28. Rb6 c4
29. Qa3 cxd3 30. cxd3 Qc5+ 31. Qxc5 dxc5 32. Rxh6+ Kg7 33. Re6 Bc8 34. Rc6 Bxa5
35. Rc1 Bb4 36. Re6 Bxe6 37. dxe6 Kf6 38. Nf2 Kxe6 39. Ng4 a5 40. Nh6 0-1

[Event "II Trofeo Giorgio Porreca"]
[Site "Napoli ITA"]
[Date "2012.10.04"]
[Round "3"]
[White "Zinnai, Graziano Matteo"]
[Black "Ambrosio, Giuseppe"]
[WhiteElo "2008"]
[BlackElo "2084"]
[Result "1/2-1/2"]
[PlyCount "127"]
[EventDate "2012.09.20"]

1. e4 c5 2. Nf3 Nc6 3. d3 g6 4. c3 Bg7 5. g3 e6 6. Qe2 Nge7 7. Bg2 O-O 8. O-O
d5 9. e5 b6 10. Bf4 Bb7 11. Nbd2 Rc8 12. Rfe1 a6 13. h4 b5 14. b3 Nf5 15. Nf1
b4 16. cxb4 cxb4 17. Qd2 Qb6 18. N1h2 Ncd4 19. Nxd4 Qxd4 20. Ng4 Rc3 21. Bf1
Rfc8 22. Rac1 Qc5 23. Qb2 d4 24. Bg2 Bxg2 25. Kxg2 Ne3+ 26. Bxe3 dxe3 27. Rxc3
bxc3 28. Qe2 exf2 29. Qxf2 c2 30. Qxc5 Rxc5 31. Rc1 h5 32. Nf6+ Kh8 33. Ne4 Bh6
34. Ng5 Bxg5 35. hxg5 Rxe5 36. Rxc2 Rxg5 37. Kf3 Kg7 38. d4 a5 39. a3 Rd5 40.
Ke4 f5+ 41. Ke3 Kf6 42. b4 axb4 43. axb4 Rb5 44. Rb2 Kg5 45. Kf3 h4 46. gxh4+
Kxh4 47. Rb1 Kg5 48. Rb2 Kf6 49. Rb1 g5 50. Rb2 Ke7 51. Ke3 Kd6 52. Rg2 g4 53.
Rb2 Kd5 54. Kd3 f4 55. Re2 Rxb4 56. Re5+ Kd6 57. Rg5 g3 58. Ke4 Ke7 59. Kxf4
Rxd4+ 60. Kxg3 Kf6 61. Rb5 Rd5 62. Rxd5 exd5 63. Kf2 Ke5 64. Ke3 1/2-1/2